La fijación y la codificación del Derecho en Occidente

Guardado en:
Detalles Bibliográficos
Autor principal: Guzmán Brito, Alejandro Ángel (autor)
Formato: Libro
Lenguaje:español
Publicado: Valparaíso Universitarias 2017
Edición:1a. ed
Colección:Colección Legal Serie Monografías y Escritos Reunidos
Materias:
Etiquetas: Agregar Etiqueta
Sin Etiquetas, Sea el primero en etiquetar este registro!

MARC

LEADER 00000cam a2200000 a 4500
001 UCD7283
003 CL-VaPUC
008 170317e20170000cl |||||||||||||||||spa|d
020 |a 9789561707054 
082 0 4 |a 340.09  |b GUZ  |2 21 
100 |a Guzmán Brito, Alejandro Ángel  |e autor  |9 388 
245 1 3 |a La fijación y la codificación del Derecho en Occidente 
250 |a 1a. ed 
300 |a 315 p 
942 |c BK 
945 |d 20170317 22:16:00  |a dcastane 
260 |a Valparaíso  |b Universitarias  |c 2017 
650 0 |a Derecho internacional privado  |9 256361 
650 7 |a CODIGO DE DERECHO INTERNACIONAL PRIVADO  |2 CL-VaPUC  |9 591255 
583 |a last modification  |c 20170317 22:16:00  |k Rodrigo Vera 
490 0 |a Colección Legal Serie Monografías y Escritos Reunidos 
999 |c 367345  |d 367343 
952 |0 0  |1 0  |2 ddc  |3 erb  |4 0  |6 340_090000000000000_GUZ_2017  |7 1  |8 C_LRYV  |9 482177  |a BIBDER  |b BIBDER  |i 5367239  |o 340.09 GUZ 2017  |p 5367239  |r 2023-01-25  |w 2019-11-24  |y BK_X  |z Catalogado en:20170317  |k BRV 
952 |0 0  |1 0  |3 erb  |4 0  |6 340_090000000000000_GUZ_2017  |7 0  |8 DER_HDC  |9 482178  |a BIBDER  |b BIBDER  |i 5367220  |l 1  |m 4  |o 340.09 GUZ 2017  |p 5367220  |q 2025-12-31  |r 2020-03-12  |s 2020-03-12  |w 2019-11-24  |x Ubicación 4to Piso  |y BK  |z Estos recursos deben solicitarse con anticipación  |k DER 
952 |0 0  |1 0  |3 erb  |4 0  |6 340_090000000000000_GUZ_2017  |7 0  |8 A  |9 482179  |a BIBDER  |b BIBDER  |i 5367212  |l 2  |o 340.09 GUZ 2017  |p 5367212  |r 2024-11-04  |s 2024-10-25  |w 2019-11-24  |y BK  |z Catalogado en:20170317  |k DER 
952 |0 0  |1 0  |3 erb  |4 0  |6 340_090000000000000_GUZ_2017  |7 0  |8 A  |9 482180  |a BIBDER  |b BIBDER  |i 5367204  |l 1  |m 4  |o 340.09 GUZ 2017  |p 5367204  |q 2025-12-31  |r 2020-03-12  |s 2020-03-12  |w 2019-11-24  |y BK  |z Catalogado en:20170317  |k DER 
952 |0 0  |1 0  |3 erb  |4 0  |6 340_090000000000000_GUZ_2017  |7 0  |8 A  |9 482181  |a BIBHIS  |b BIBHIS  |i 5373573  |o 340.09 GUZ 2017  |p 5373573  |r 2025-01-20  |w 2019-11-24  |y BK  |z Catalogado en:20170428  |k HIS